Normal view
MARC view
Entry Personal Name
001 - CONTROL NUMBER
- control field: 4749
003 - CONTROL NUMBER IDENTIFIER
- control field: BD-RjUL
005 - DATE AND TIME OF LATEST TRANSACTION
- control field: 20220913102341.0
008 - FIXED-LENGTH DATA ELEMENTS
- fixed length control field: 220913|| aca||aabn | a|a d
040 ## - CATALOGING SOURCE
- Original cataloging agency: BD-RjUL
- Transcribing agency: BD-RjUL
100 ## - HEADING--PERSONAL NAME
- Personal name: Mondal, Ibrahim Hossain, Supervisors
670 ## - SOURCE DATA FOUND
- Source citation: Work cat.: (BD-RjUL)80339: SALAM, MD. ABDUS 4745, Studies on Modification of Cotton-Jute Blended Febric and its Dyeing Characteristics :, 2000